[Event "2nd IMSA Basque w 2017"]
[Site "Huai'an CHN"]
[Date "2017.12.14"]
[Round "1.1"]
[White "Dzagnidze, Nana"]
[Black "Ushenina, Anna"]
[Result "0-1"]
[WhiteTitle "GM"]
[BlackTitle "GM"]
[WhiteElo "2522"]
[BlackElo "2416"]
[WhiteFideId "13601903"]
[BlackFideId "14110911"]
[EventDate "2017.12.14"]

1. Nf3 d5 2. c4 dxc4 3. Na3 a6 4. Nxc4 b5 5. Nce5 f6 6. Nd3 e5 7. e4 Be6 8. a4
Nd7 9. Be2 c5 10. O-O Bd6 11. Nh4 Nh6 12. f4 exf4 13. Bh5+ Nf7 14. Nf5 Bxf5 15.
Bxf7+ Kxf7 16. exf5 Qc7 17. axb5 axb5 18. Qh5+ g6 19. fxg6+ hxg6 20. Qd5+ Kg7
21. Rxa8 Nb6 22. Ra7 Nxd5 23. Rxc7+ Nxc7 24. Nxf4 g5 25. Ne2 Bxh2+ 26. Kf2 Be5
27. d3 Nd5 28. Bd2 c4 29. dxc4 bxc4 30. Rc1 Rb8 31. Rxc4 Rxb2 32. Ke1 Kg6 33.
Rc5 Ne7 34. Bc3 Bxc3+ 35. Rxc3 Nf5 36. Rd3 Nh4 37. g3 Nf5 38. Kf2 Kh5 39. Kf3
Rb4 40. Ra3 Nh6 41. Ra8 Rb3+ 42. Kg2 Re3 43. Nd4 Rd3 44. Ne2 Rd2 45. Kf3 Kg6 46.
Ra6 Nf7 47. Ke3 Rb2 48. Nd4 Ne5 49. Ne2 Rb3+ 50. Kf2 Rd3 51. Rb6 Kf5 52. Ra6 Rd2
53. Ke3 Nc4+ 54. Kf2 Rd3 55. Rc6 Ne5 56. Ra6 Ng4+ 57. Kg2 Rd2 58. Kf3 Ne5+ 59.
Ke3 Rd3+ 60. Kf2 Kg6 61. Rb6 Ng4+ 62. Kg2 Re3 63. Kf1 Nh6 64. Kf2 Re5 65. Ra6
Nf5 66. Ra4 Nd6 67. Kf3 Rf5+ 68. Ke3 Re5+ 69. Kf3 Rf5+ 70. Ke3 Rf1 71. Rb4 Nf5+
72. Kd2 Rf3 73. g4 Nh6 74. Ke1 Nf7 75. Ng1 Rc3 76. Kf2 Ne5 77. Rd4 Nd3+ 78. Kf1
Rb3 79. Ne2 Ne5 80. Kg2 Rb2 81. Kf2 Kf7 82. Kf1 Ke6 83. Kf2 Ng6 84. Ke3 Rb3+ 85.
Kf2 Ke5 86. Ra4 Rd3 87. Ra6 Ne7 88. Ra8 Ke6 89. Ra6+ Ke5 90. Ra8 Nd5 91. Re8+
Kd6 92. Re4 Rd2 93. Kf3 Rd1 94. Kf2 Nc7 95. Rd4+ Rxd4 96. Nxd4 Ke5 97. Ne2 Nd5
98. Kf3 Nb4 99. Ng3 Nd3 100. Nh5 Nf4 101. Ng3 Ng6 102. Nh5 Ke6 103. Kg3 Ne5 104.
Ng7+ Kd5 105. Nh5 Nd7 106. Kf3 Kd4 107. Ng7 Ne5+ 108. Kg3 Ke4 109. Ne8 Nd7 110.
Nd6+ Ke3 111. Ne8 Ke2 112. Nd6 Nc5 113. Nf5 Ne4+ 114. Kg2 Nd2 115. Nh6 Ke3 116.
Kg3 Ne4+ 117. Kg2 Kf4 118. Kg1 Kg3 119. Kf1 Nf2 120. Nf5+ Kxg4 121. Nh6+ Kf3
122. Ng8 Ne4 123. Ne7 g4 124. Nf5 Ng3+ 0-1

[Event "2nd IMSA Basque w 2017"]
[Site "Huai'an CHN"]
[Date "2017.12.14"]
[Round "1.2"]
[White "Ushenina, Anna"]
[Black "Dzagnidze, Nana"]
[Result "1/2-1/2"]
[WhiteTitle "GM"]
[BlackTitle "GM"]
[WhiteElo "2416"]
[BlackElo "2522"]
[WhiteFideId "14110911"]
[BlackFideId "13601903"]
[EventDate "2017.12.14"]

1. d4 Nf6 2. Nf3 e6 3. c4 d5 4. Nc3 Bb4 5. Bg5 dxc4 6. e4 c5 7. Bxc4 cxd4 8.
Nxd4 Bxc3+ 9. bxc3 Qa5 10. Bxf6 Qxc3+ 11. Kf1 gxf6 12. Rc1 Qa5 13. h4 Ke7 14.
Rh3 Nc6 15. Nxc6+ bxc6 16. Rhc3 Rd8 17. Qf3 Rd4 18. Be2 Bd7 19. Qe3 Qe5 20. Bf3
Rb8 21. Rc5 Qd6 22. e5 fxe5 23. Rxe5 Rb2 24. Qg5+ Kf8 25. Rce1 Rdd2 26. Kg1 Qd4
27. Qh6+ Ke8 28. Qxh7 Qxf2+ 29. Kh1 Qg3 30. Qe4 f5 31. Rxf5 Rd4 32. Qxd4 Qxe1+
33. Kh2 Rxg2+ 34. Kxg2 exf5 35. Qxa7 Qxh4 36. Qb8+ Ke7 37. Qe5+ Kf7 38. Qd6 Qe7
39. Qd4 c5 40. Bd5+ Kg6 41. Qd3 Qg5+ 42. Kf1 Qf4+ 43. Kg2 Bb5 44. Qxb5 Qd2+ 45.
Kf1 Qxd5 46. a4 Qd1+ 47. Kf2 Qd2+ 48. Kf1 Qf4+ 49. Ke2 Qe4+ 50. Kf1 c4 51. a5
Qd3+ 52. Kf2 Qd2+ 53. Kf3 c3 54. Qb6+ Kg5 55. Qg1+ Kf6 56. Qb6+ Ke5 57. Qc7+ Kd4
58. Qd7+ Kc4 59. Qa4+ Kc5 60. a6 c2 61. Qa3+ Kb6 62. a7 Qd5+ 63. Kf2 Qd4+ 64.
Ke2 Qg4+ 65. Kf2 Qf4+ 66. Ke2 Qg4+ 67. Kf2 c1=Q 68. Qxc1 Kxa7 69. Qc5+ Kb7 70.
Qd6 Qe4 71. Kg3 Qe3+ 72. Kh4 Qe4+ 73. Kg5 Qg4+ 74. Kf6 f4 75. Qb4+ Kc6 76. Qc4+
Kd6 77. Qd4+ Kc6 78. Qc4+ Kb6 79. Qb4+ Kc7 80. Qc5+ Kd7 81. Qd5+ Kc8 82. Qc5+
Kd7 83. Qd5+ Kc7 84. Qc5+ Kd7 85. Qd5+ Kc7 86. Qc5+ Kd7 87. Qd5+ Kc7 1/2-1/2

[Event "2nd IMSA Basque w 2017"]
[Site "Huai'an CHN"]
[Date "2017.12.14"]
[Round "1.1"]
[White "Muzychuk, Anna"]
[Black "Paehtz, Elisabeth"]
[Result "1-0"]
[WhiteTitle "GM"]
[BlackTitle "IM"]
[WhiteElo "2582"]
[BlackElo "2464"]
[WhiteFideId "14111330"]
[BlackFideId "4641833"]
[EventDate "2017.12.14"]

1. e4 c5 2. Nf3 d6 3. Bb5+ Nd7 4. O-O Nf6 5. Re1 a6 6. Bf1 b6 7. d4 cxd4 8. Nxd4
Bb7 9. c4 e6 10. Nc3 Be7 11. f3 O-O 12. Be3 Qc7 13. Rc1 Rac8 14. Qd2 Qb8 15. b3
Bd8 16. Kh1 Bc7 17. Bg1 Kh8 18. Bd3 Nc5 19. Bb1 Qa8 20. b4 Ncd7 21. f4 Bb8 22.
Bd3 Kg8 23. a3 Rfd8 24. Nb3 g6 25. Re2 d5 26. cxd5 exd5 27. e5 Ne4 28. Nxe4 Rxc1
29. Nf6+ Nxf6 30. Qxc1 Ne4 31. Bxb6 Rc8 32. Rc2 Re8 33. Bd4 Ba7 34. Nc5 Bxc5 35.
bxc5 Bc6 36. f5 Qd8 37. f6 Re6 38. Rb2 Bb5 39. Bxb5 axb5 40. Rxb5 g5 41. c6 Qe8
42. c7 Qxb5 43. c8=Q+ Re8 44. Q8c6 1-0

[Event "2nd IMSA Basque w 2017"]
[Site "Huai'an CHN"]
[Date "2017.12.14"]
[Round "1.2"]
[White "Paehtz, Elisabeth"]
[Black "Muzychuk, Anna"]
[Result "0-1"]
[WhiteTitle "IM"]
[BlackTitle "GM"]
[WhiteElo "2464"]
[BlackElo "2582"]
[WhiteFideId "4641833"]
[BlackFideId "14111330"]
[EventDate "2017.12.14"]

1. e4 e5 2. Nf3 Nc6 3. Bb5 a6 4. Ba4 Nf6 5. O-O Nxe4 6. d4 b5 7. Bb3 d5 8. dxe5
Be6 9. Be3 Be7 10. c3 O-O 11. Nbd2 Qd7 12. Bc2 Nxd2 13. Qxd2 Bg4 14. Bf4 Bxf3
15. gxf3 Rad8 16. Rad1 Rfe8 17. Rfe1 g6 18. Bg3 Qh3 19. f4 Bh4 20. a4 Ne7 21.
Qe2 c6 22. Qe3 Nf5 23. Bxf5 gxf5 24. Qb6 Re6 25. Re3 Qg4 26. Rd2 Be7 27. Qxa6
bxa4 28. Qxa4 h5 29. f3 Qh3 30. Rg2 Rg6 31. Ree2 h4 32. Be1 Bc5+ 33. Kf1 Qxf3+
34. Ref2 Qd3+ 35. Kg1 Bxf2+ 36. Kxf2 Rxg2+ 37. Kxg2 Qe2+ 38. Bf2 Kh7 0-1

[Event "2nd IMSA Basque w 2017"]
[Site "Huai'an CHN"]
[Date "2017.12.14"]
[Round "1.1"]
[White "Stefanova, Antoaneta"]
[Black "Muzychuk, Mariya"]
[Result "1-0"]
[WhiteTitle "GM"]
[BlackTitle "GM"]
[WhiteElo "2500"]
[BlackElo "2544"]
[WhiteFideId "2902257"]
[BlackFideId "14114550"]
[EventDate "2017.12.14"]

1. d4 d5 2. c4 e6 3. Nf3 Nf6 4. e3 c5 5. cxd5 exd5 6. Bb5+ Nc6 7. O-O Bd7 8. Nc3
a6 9. Be2 Bg4 10. h3 Bh5 11. Ne5 Bxe2 12. Qxe2 Bd6 13. Nxc6 bxc6 14. dxc5 Bxc5
15. Na4 Bd6 16. Qc2 Qc7 17. b3 O-O 18. Bb2 Ne4 19. Rac1 Rfc8 20. Nc3 Nxc3 21.
Qxc3 f6 22. Rfd1 Qb7 23. Qd3 Re8 24. Rc2 Rac8 25. Rdc1 Rc7 26. Rxc6 Bh2+ 27.
Kxh2 Rxc6 28. Qxd5+ Ree6 29. f4 Qc8 30. f5 Rxc1 31. Bxc1 Qc7+ 32. g3 Qxc1 33.
fxe6 Qc2+ 34. Kg1 Qc1+ 35. Kf2 1-0

[Event "2nd IMSA Basque w 2017"]
[Site "Huai'an CHN"]
[Date "2017.12.14"]
[Round "1.2"]
[White "Muzychuk, Mariya"]
[Black "Stefanova, Antoaneta"]
[Result "1-0"]
[WhiteTitle "GM"]
[BlackTitle "GM"]
[WhiteElo "2544"]
[BlackElo "2500"]
[WhiteFideId "14114550"]
[BlackFideId "2902257"]
[EventDate "2017.12.14"]

1. d4 d5 2. c4 c6 3. Nc3 Nf6 4. Nf3 a6 5. e3 e6 6. c5 Nbd7 7. Qc2 Qc7 8. Bd3 e5
9. dxe5 Nxe5 10. Nxe5 Qxe5 11. Na4 Be7 12. O-O O-O 13. Bd2 Ne4 14. f4 Qh5 15.
Bxe4 dxe4 16. Qxe4 Bxc5 17. Nxc5 Qxc5 18. Bb4 Bf5 19. Bxc5 Bxe4 20. Bxf8 Kxf8
21. Rfd1 Bd5 22. Rd4 f5 23. a4 Ke7 24. g4 fxg4 25. e4 Bf7 26. Rad1 Be8 27. Kf2
a5 28. Kg3 h5 29. f5 c5 30. Rd5 Rc8 31. Re5+ Kf8 32. Rdd5 b6 33. Rd6 Rb8 34.
Ree6 Bxa4 35. Rxb6 Rd8 36. Red6 Re8 37. Kf4 h4 38. Rg6 Bd1 39. Rb7 Rxe4+ 40.
Kxe4 Bf3+ 41. Ke5 Bxb7 42. Rxg4 h3 43. Rc4 1-0

[Event "2nd IMSA Basque w 2017"]
[Site "Huai'an CHN"]
[Date "2017.12.14"]
[Round "1.1"]
[White "Ju, Wenjun"]
[Black "Tan, Zhongyi"]
[Result "1-0"]
[WhiteTitle "GM"]
[BlackTitle "GM"]
[WhiteElo "2567"]
[BlackElo "2517"]
[WhiteFideId "8603006"]
[BlackFideId "8603642"]
[EventDate "2017.12.14"]

1. d4 Nf6 2. c4 e6 3. Nf3 b6 4. g3 Bb7 5. Bg2 Bb4+ 6. Bd2 Bxd2+ 7. Nbxd2 O-O 8.
O-O d6 9. Qc2 c5 10. e4 cxd4 11. Nxd4 Nbd7 12. Rad1 Qe7 13. Rfe1 a6 14. f4 Rfc8
15. b3 b5 16. Qb1 bxc4 17. Nxc4 Rab8 18. Qa1 d5 19. exd5 Bxd5 20. Bxd5 Nxd5 21.
Nxe6 fxe6 22. Rxd5 Nb6 23. Nxb6 Rxb6 24. Qd4 Qb4 25. Qxb4 Rxb4 26. Rxe6 Rc1+ 27.
Kf2 Rc2+ 28. Re2 Rxe2+ 29. Kxe2 Re4+ 30. Kf3 Re3+ 1-0

[Event "2nd IMSA Basque w 2017"]
[Site "Huai'an CHN"]
[Date "2017.12.14"]
[Round "1.2"]
[White "Tan, Zhongyi"]
[Black "Ju, Wenjun"]
[Result "1-0"]
[WhiteTitle "GM"]
[BlackTitle "GM"]
[WhiteElo "2517"]
[BlackElo "2567"]
[WhiteFideId "8603642"]
[BlackFideId "8603006"]
[EventDate "2017.12.14"]

1. d4 Nf6 2. c4 e6 3. Nf3 d5 4. Nc3 Bb4 5. Bg5 h6 6. Bxf6 Qxf6 7. e3 O-O 8. Rc1
dxc4 9. Bxc4 c5 10. O-O cxd4 11. Ne4 Qe7 12. exd4 Nc6 13. a3 Ba5 14. b4 Bb6 15.
Rc3 Rd8 16. Rd3 Bd7 17. Re1 Qf8 18. h3 a6 19. Nc5 Bxc5 20. dxc5 Be8 21. Qe2 Rxd3
22. Bxd3 Rd8 23. Qe4 g6 24. h4 Qg7 25. Bb1 Qf6 26. h5 gxh5 27. Qe3 Ne7 28. Ne5
Nc6 29. Nc4 Nd4 30. Nd6 Bc6 31. Be4 Nf5 32. Bxf5 exf5 33. Qg3+ Kf8 34. Qe5 Qg7
35. Qe7+ Kg8 36. Qxd8+ Kh7 37. g3 Qc3 38. Qe7 Kg6 39. Qxf7+ Kg5 40. Qxf5# 1-0

[Event "2nd IMSA Basque w 2017"]
[Site "Huai'an CHN"]
[Date "2017.12.14"]
[Round "1.1"]
[White "Lagno, Kateryna"]
[Black "Zhao, Xue"]
[Result "0-1"]
[WhiteTitle "GM"]
[BlackTitle "GM"]
[WhiteElo "2547"]
[BlackElo "2477"]
[WhiteFideId "14109336"]
[BlackFideId "8601283"]
[EventDate "2017.12.14"]

1. e4 c6 2. Nc3 d5 3. Nf3 Bg4 4. h3 Bxf3 5. Qxf3 e6 6. Be2 Nf6 7. O-O Bc5 8. Rd1
Bd4 9. exd5 exd5 10. Bf1 O-O 11. Ne2 Bb6 12. d4 Nbd7 13. Ng3 Re8 14. c3 Nf8 15.
Bd3 N6d7 16. Nf5 Bc7 17. h4 Kh8 18. Qg4 g6 19. Nh6 Qe7 20. Bd2 f5 21. Qh3 Nf6
22. Re1 Qg7 23. f3 Nh5 24. Bxf5 Bf4 25. Bxf4 Nxf4 26. Qg4 Qxh6 27. Bc2 Ne2+ 28.
Kh1 Qf4 29. Qxf4 Nxf4 30. g3 Nh5 31. Kg2 Nf6 32. f4 Rxe1 33. Rxe1 Re8 34. Re5
N8d7 35. Rxe8+ Nxe8 36. f5 Kg7 37. Kf3 Nd6 38. fxg6 hxg6 39. g4 Nc4 40. b3 Nd6
41. Kf4 Nb5 42. Kg5 Nf8 43. h5 gxh5 44. gxh5 Nxc3 45. h6+ Kf7 46. a4 Ne2 47. Bd1
Nxd4 48. Bh5+ Ke7 49. b4 Nc2 50. b5 Nd4 51. bxc6 bxc6 52. Kf4 Nde6+ 53. Ke5 a5
54. Bg4 Nc5 55. Bd1 Ncd7+ 56. Kd4 Kd6 57. Bc2 c5+ 58. Kc3 Nb6 59. Kb3 c4+ 60.
Kc3 Kc5 61. h7 Nxh7 62. Bxh7 Nxa4+ 63. Kc2 d4 64. Kd2 Nb6 65. Kc2 Kb4 66. Kd2
Nd7 67. Kc2 Nc5 68. Kd2 c3+ 69. Kc2 Kc4 70. Bg8+ Kb4 71. Bh7 d3+ 72. Kd1 c2+ 73.
Kd2 Nb3+ 0-1

[Event "2nd IMSA Basque w 2017"]
[Site "Huai'an CHN"]
[Date "2017.12.14"]
[Round "1.2"]
[White "Zhao, Xue"]
[Black "Lagno, Kateryna"]
[Result "1/2-1/2"]
[WhiteTitle "GM"]
[BlackTitle "GM"]
[WhiteElo "2477"]
[BlackElo "2547"]
[WhiteFideId "8601283"]
[BlackFideId "14109336"]
[EventDate "2017.12.14"]

1. Nf3 g6 2. c4 c5 3. d4 cxd4 4. Nxd4 Nc6 5. e4 d6 6. Nc2 Bg7 7. Be2 Nf6 8. Nc3
O-O 9. O-O Be6 10. Be3 Rc8 11. f3 Nd7 12. Qd2 a6 13. Rac1 Na5 14. b3 b5 15. Nd4
bxc4 16. Nxe6 fxe6 17. b4 Nb7 18. Na4 Ne5 19. f4 c3 20. Rxc3 Rxc3 21. Nxc3 Nc6
22. Na4 d5 23. e5 d4 24. Bf2 a5 25. b5 Nb4 26. Qxd4 Qe8 27. Bc4 Nd6 28. Bxe6+
Kh8 29. Qd2 Ne4 30. Qd7 Qxd7 31. Bxd7 Rxf4 32. Bd4 Nd3 33. Rxf4 Nxf4 34. Bc5
Bxe5 35. Bxe7 Bd4+ 36. Kf1 Nd5 37. Ba3 Nf4 38. Bc6 Nd2+ 39. Ke1 Nc4 40. Be7 Nd3+
41. Kd1 Nb4 42. Ke2 Ne5 43. Be4 Kg7 44. a3 Na2 45. Bd8 Nc1+ 46. Kd2 Nb3+ 47. Kc2
Na1+ 48. Kb1 Nb3 49. Bd5 Nd2+ 50. Kc2 Nf1 51. Be4 Ne3+ 52. Kb3 N5c4 53. b6 Nd2+
54. Ka2 Nxe4 55. Bc7 Nxg2 56. b7 Ba7 57. b8=Q Bxb8 58. Bxb8 g5 59. Bc7 h5 60.
Bxa5 g4 61. Bc7 h4 62. Kb3 Ne3 63. Nb2 h3 64. Nd3 g3 65. Bxg3 Nxg3 66. Nf4 Ne4
67. Nxh3 Kf6 68. Nf4 Ke5 69. Ne2 Kd5 70. Nc3+ 1/2-1/2

[Event "2nd IMSA Basque w 2017"]
[Site "Huai'an CHN"]
[Date "2017.12.14"]
[Round "2.1"]
[White "Zhao, Xue"]
[Black "Muzychuk, Anna"]
[Result "0-1"]
[WhiteTitle "GM"]
[BlackTitle "GM"]
[WhiteElo "2477"]
[BlackElo "2582"]
[WhiteFideId "8601283"]
[BlackFideId "14111330"]
[EventDate "2017.12.14"]

1. c4 Nf6 2. Nf3 g6 3. b3 Bg7 4. Bb2 O-O 5. g3 d6 6. d4 e5 7. dxe5 dxe5 8. Qxd8
Rxd8 9. Bg2 Nc6 10. Nc3 e4 11. Nd2 Nb4 12. O-O-O e3 13. fxe3 Ng4 14. Nde4 Bf5
15. a3 Nxe3 16. Rxd8+ Rxd8 17. Bf3 Bxe4 18. Bxe4 Bxc3 19. Bxc3 Na2+ 20. Kb2 Nxc3
21. Kxc3 Nd1+ 22. Kc2 Nf2 23. Bxb7 Nxh1 24. Bxh1 Kg7 25. b4 Kf6 26. Bf3 h5 27.
b5 Ke5 28. Kc3 Rd1 29. a4 Rb1 30. a5 Kd6 31. Bd5 Rxb5 32. cxb5 Kxd5 33. Kb4 g5
34. Kb3 Kc5 35. Ka4 f5 36. h3 g4 37. hxg4 fxg4 38. e4 h4 39. gxh4 g3 40. h5 g2
41. h6 g1=Q 42. h7 Qd4+ 43. Kb3 Kxb5 44. Kc2 Qxe4+ 45. Kd2 Qxh7 46. Ke3 Kxa5 47.
Kd4 Qf5 48. Ke3 Qg4 49. Kd3 Qf4 50. Kc3 Qe4 51. Kd2 Qf3 52. Kc2 Qe3 53. Kb2 Qd3
54. Ka2 Qc3 55. Kb1 Qd2 56. Ka1 Kb4 57. Kb1 Kb3 0-1

[Event "2nd IMSA Basque w 2017"]
[Site "Huai'an CHN"]
[Date "2017.12.14"]
[Round "2.2"]
[White "Muzychuk, Anna"]
[Black "Zhao, Xue"]
[Result "0-1"]
[WhiteTitle "GM"]
[BlackTitle "GM"]
[WhiteElo "2582"]
[BlackElo "2477"]
[WhiteFideId "14111330"]
[BlackFideId "8601283"]
[EventDate "2017.12.14"]

1. e4 c6 2. d4 d5 3. Nc3 dxe4 4. Nxe4 Nf6 5. Nxf6+ exf6 6. c3 Bd6 7. Bd3 O-O 8.
Qc2 Re8+ 9. Ne2 h6 10. O-O Qc7 11. h3 Nd7 12. b3 c5 13. Bb2 cxd4 14. Nxd4 Nc5
15. Nb5 Bh2+ 16. Kh1 Qb8 17. Rfe1 Bd7 18. Bf1 a6 19. Rxe8+ Bxe8 20. Nd4 Be5 21.
c4 Qc7 22. Nf3 Bd6 23. Re1 b6 24. a3 Bd7 25. b4 Ne6 26. Nd4 a5 27. Nf5 Bf8 28.
Qe4 Rd8 29. Bc3 axb4 30. axb4 Ng5 31. Ne7+ Kh8 32. Qh4 Be6 33. f4 Nf3 34. gxf3
Bxe7 35. f5 Bxf5 36. Be2 Kh7 37. Rg1 Bg6 38. Qf2 Bd6 39. h4 Be5 40. Bxe5 Qxe5
41. Bf1 Rd4 42. Rg4 Rd1 43. Rg1 Rd4 44. Rg4 Rxg4 45. fxg4 Qe4+ 46. Qg2 Qe1 47.
Kg1 Be4 48. Qf2 Qxb4 49. Qd4 Qe1 50. Qf2 Qc3 51. Qe3 Qe5 52. Kf2 g6 53. Bd3 Bc6
54. Ke2 Bd7 0-1

[Event "2nd IMSA Basque w 2017"]
[Site "Huai'an CHN"]
[Date "2017.12.14"]
[Round "2.1"]
[White "Ushenina, Anna"]
[Black "Harika, Dronavalli"]
[Result "1/2-1/2"]
[WhiteTitle "GM"]
[BlackTitle "GM"]
[WhiteElo "2416"]
[BlackElo "2504"]
[WhiteFideId "14110911"]
[BlackFideId "5015197"]
[EventDate "2017.12.14"]

1. d4 d6 2. Nf3 Nf6 3. g3 g6 4. Bg2 Bg7 5. O-O O-O 6. c4 Nbd7 7. Nc3 e5 8. e4
exd4 9. Nxd4 Nc5 10. h3 Re8 11. Re1 Bd7 12. b4 Ne6 13. Be3 Qc8 14. Nde2 h6 15.
f4 a5 16. a3 axb4 17. axb4 Rxa1 18. Qxa1 c6 19. Qd1 Qc7 20. Bf2 h5 21. Qd2 Bc8
22. Rd1 Bf8 23. Qd3 Nh7 24. f5 Ng7 25. g4 hxg4 26. hxg4 Qe7 27. Qg3 Qe5 28. Qxe5
dxe5 29. c5 Be7 30. Nc1 Rd8 31. Rxd8+ Bxd8 32. Nd3 f6 33. Nb2 Nf8 34. Bf1 Kf7
35. Nc4 Ne8 36. Be3 g5 37. Be2 Bc7 38. Bd1 Ke7 39. Kf2 Nd7 40. Ke2 Bb8 41. Kd2
Kd8 42. Bb3 Ke7 43. Kc2 Bc7 44. Na4 Kd8 45. Nd2 Ke7 46. Nf1 Nb8 47. Nd2 Bd7 48.
Nc4 Na6 49. Kc3 Bd8 50. Na3 Nec7 51. Nb6 Nb8 52. Nxd7 Nxd7 53. Bc4 Nb8 54. Kb3
Kd7 55. Be2 Be7 56. Nc4 Nba6 57. Nb6+ Kd8 58. Ka4 Bf8 59. Ka5 Be7 60. Na4 Kc8
61. Nb6+ Kd8 62. Ka4 Bf8 63. Ka5 Be7 64. Na4 Kc8 65. Nb6+ 1/2-1/2

[Event "2nd IMSA Basque w 2017"]
[Site "Huai'an CHN"]
[Date "2017.12.14"]
[Round "2.2"]
[White "Harika, Dronavalli"]
[Black "Ushenina, Anna"]
[Result "1/2-1/2"]
[WhiteTitle "GM"]
[BlackTitle "GM"]
[WhiteElo "2504"]
[BlackElo "2416"]
[WhiteFideId "5015197"]
[BlackFideId "14110911"]
[EventDate "2017.12.14"]

1. Nf3 d5 2. c4 dxc4 3. e3 Be6 4. Na3 Nf6 5. Nxc4 Bd5 6. Be2 e6 7. O-O c5 8. b3
Be7 9. Bb2 O-O 10. d3 b6 11. e4 Bb7 12. Nfe5 Nfd7 13. f4 Nxe5 14. Nxe5 Nc6 15.
Nxc6 Bxc6 16. f5 exf5 17. Rxf5 f6 18. Qe1 Bd7 19. Rf1 Bd6 20. Rd1 Qe7 21. d4
cxd4 22. Bxd4 Rad8 23. Bc4+ Be6 24. Qe2 Kh8 25. Bxe6 Qxe6 26. Rd3 Be5 27. Rfd1
Bxd4+ 28. Rxd4 Rxd4 29. Rxd4 Re8 30. Qd2 h6 31. h3 Qe5 32. a4 Kh7 33. b4 Qg3 34.
b5 Re5 35. Qf2 Qb3 36. Kh2 Qe6 37. Qf3 Rg5 38. Rd5 Re5 39. Rxe5 Qxe5+ 40. Kh1
Qa1+ 41. Kh2 Qe5+ 42. Kh1 Kh8 43. Qg4 Qa1+ 44. Kh2 Qe5+ 45. Kh1 Qa1+ 46. Kh2
Qe5+ 47. Kh1 Qc7 48. Qf5 Qc1+ 49. Kh2 Qc7+ 50. Kh1 Qc1+ 51. Kh2 1/2-1/2

[Event "2nd IMSA Basque w 2017"]
[Site "Huai'an CHN"]
[Date "2017.12.14"]
[Round "2.1"]
[White "Stefanova, Antoaneta"]
[Black "Ju, Wenjun"]
[Result "1/2-1/2"]
[WhiteTitle "GM"]
[BlackTitle "GM"]
[WhiteElo "2500"]
[BlackElo "2567"]
[WhiteFideId "2902257"]
[BlackFideId "8603006"]
[EventDate "2017.12.14"]

1. Nf3 Nf6 2. b3 g6 3. Bb2 Bg7 4. g3 O-O 5. Bg2 d5 6. c4 c6 7. O-O Bg4 8. d3
Nbd7 9. Nbd2 Re8 10. h3 Bxf3 11. Nxf3 e5 12. cxd5 cxd5 13. Rc1 Rc8 14. Rxc8 Qxc8
15. Qa1 d4 16. Rc1 Qb8 17. Nd2 Nb6 18. Ne4 Nfd5 19. a4 Bh6 20. Rc5 Bf8 21. a5
Bxc5 22. Nxc5 Qc7 23. axb6 Qxc5 24. Qa4 Nf6 25. Qxa7 Qc2 26. Ba3 Qxe2 27. Qxb7
e4 28. Qc6 exd3 29. Qxf6 d2 30. Bd5 d1=Q+ 31. Kh2 Qxf2+ 32. Qxf2 Re2 33. Qxe2
Qxe2+ 34. Bg2 Qe5 35. b7 d3 36. Bc1 g5 37. Be3 Qxe3 38. b8=Q+ Kg7 39. Qd8 d2 40.
b4 Qe2 41. Qxg5+ Kf8 42. Qd8+ Kg7 43. Qg5+ Kf8 44. Qd8+ Kg7 45. Qg5+ Kf8 1/2-1/2

[Event "2nd IMSA Basque w 2017"]
[Site "Huai'an CHN"]
[Date "2017.12.14"]
[Round "2.2"]
[White "Ju, Wenjun"]
[Black "Stefanova, Antoaneta"]
[Result "1/2-1/2"]
[WhiteTitle "GM"]
[BlackTitle "GM"]
[WhiteElo "2567"]
[BlackElo "2500"]
[WhiteFideId "8603006"]
[BlackFideId "2902257"]
[EventDate "2017.12.14"]

1. c4 c6 2. d4 d5 3. Nf3 Nf6 4. e3 g6 5. Nc3 Bg7 6. Be2 O-O 7. O-O e6 8. b3 Nbd7
9. Bb2 b6 10. Qc2 Bb7 11. Rad1 Qc7 12. e4 dxe4 13. Nxe4 Nxe4 14. Qxe4 c5 15. Qc2
cxd4 16. Bxd4 e5 17. Bc3 Rfe8 18. Qb2 Nc5 19. Qa1 a5 20. Nd2 Rad8 21. Nf3 Ra8
22. Nd2 f5 23. Rfe1 Rad8 24. Nf3 Ra8 25. Nd2 e4 26. Bxg7 Qxg7 27. Qxg7+ Kxg7 28.
Nb1 Rad8 29. Nc3 Bc6 30. f3 exf3 31. Bxf3 Rxe1+ 32. Rxe1 Bxf3 33. gxf3 Rd3 34.
Nd5 b5 35. Re3 Rd2 36. Re7+ Kf8 37. Rxh7 bxc4 38. bxc4 Rxa2 39. Ra7 a4 40. h4
Ne6 41. Nc3 Ra3 42. Nxa4 Rxf3 43. c5 Rf4 44. c6 Rc4 45. Nb6 Rxc6 46. Nd7+ Ke8
47. Ne5 Rc1+ 48. Kf2 g5 49. hxg5 Nxg5 50. Ng6 Rc5 51. Ke3 Kd8 52. Nf4 Rc4 53.
Rg7 Re4+ 54. Kd3 Nf3 55. Ng6 Rg4 56. Rg8+ Kc7 57. Ne7 Ne5+ 58. Kc3 Rc4+ 59. Kb3
f4 60. Rg5 Re4 61. Nd5+ Kd6 62. Nc3 Re3 63. Kc2 Nf3 64. Rg8 Ne5 65. Rf8 f3 66.
Nb5+ Kc5 67. Nc7 Re2+ 68. Kd1 Ra2 69. Ne6+ Kc4 70. Ng5 f2 71. Ne4 Ng4 72. Nxf2
Nxf2+ 73. Ke1 Ne4 74. Rf3 Kd4 75. Rh3 Nf2 76. Rf3 Nd3+ 77. Kf1 Ra1+ 78. Ke2 Ra2+
79. Kf1 Ke4 80. Rg3 Ra1+ 81. Kg2 Nf4+ 82. Kf2 Ra2+ 83. Kf1 Nd5 84. Kg1 Kf4 85.
Rg2 Ra1+ 86. Kh2 Ne3 87. Rf2+ Kg4 88. Rf8 Ra2+ 89. Kg1 Rg2+ 90. Kh1 Re2 91. Kg1
Kg3 92. Rg8+ Ng4 93. Rf8 Re1+ 94. Rf1 Re8 95. Rf7 Re1+ 96. Rf1 Re2 97. Rf8 Rd2
98. Kf1 Rh2 99. Ke1 Ne5 100. Kd1 Nd3 101. Rf3+ Kxf3 1/2-1/2

[Event "2nd IMSA Basque w 2017"]
[Site "Huai'an CHN"]
[Date "2017.12.14"]
[Round "2.1"]
[White "Tan, Zhongyi"]
[Black "Dzagnidze, Nana"]
[Result "1-0"]
[WhiteTitle "GM"]
[BlackTitle "GM"]
[WhiteElo "2517"]
[BlackElo "2522"]
[WhiteFideId "8603642"]
[BlackFideId "13601903"]
[EventDate "2017.12.14"]

1. d4 Nf6 2. c4 e6 3. Nf3 d5 4. Nc3 Bb4 5. e3 O-O 6. Bd3 dxc4 7. Bxc4 c5 8. O-O
Nbd7 9. Qe2 b6 10. Rd1 Bb7 11. dxc5 Bxc5 12. a3 Qc7 13. b4 Bxf3 14. gxf3 Bxb4
15. axb4 Rfc8 16. Ba6 Qxc3 17. Bd2 Qe5 18. Bxc8 Rxc8 19. Rac1 Re8 20. Bc3 Qh5
21. Kh1 Ne5 22. Bxe5 Qxe5 23. Qc4 h6 24. Rg1 Qf5 25. Qc6 Rd8 26. Rg3 Nh5 27. Rg2
Nf6 28. Qb7 Rd7 29. Qc8+ Kh7 30. Qc2 Qxc2 31. Rxc2 a5 32. bxa5 bxa5 33. Rg1 Rd5
34. Rgc1 Rf5 35. Kg2 Rg5+ 36. Kh1 Rf5 37. f4 g5 38. fxg5 hxg5 39. Kg2 Kg6 40.
Rc5 Nd5 41. Kg3 g4 42. R1c4 Rf3+ 43. Kg2 f5 44. Rxa5 f4 45. Re4 Kf5 46. Rxf4+
Rxf4 47. exf4 Kxf4 48. Ra4+ Kf5 49. Kg3 Nf6 50. Rf4+ Kg5 51. Rxf6 Kxf6 52. Kxg4
Kg6 53. Kf4 Kf6 54. h4 1-0

[Event "2nd IMSA Basque w 2017"]
[Site "Huai'an CHN"]
[Date "2017.12.14"]
[Round "2.2"]
[White "Dzagnidze, Nana"]
[Black "Tan, Zhongyi"]
[Result "1-0"]
[WhiteTitle "GM"]
[BlackTitle "GM"]
[WhiteElo "2522"]
[BlackElo "2517"]
[WhiteFideId "13601903"]
[BlackFideId "8603642"]
[EventDate "2017.12.14"]

1. d4 Nf6 2. Nf3 d5 3. c4 e6 4. Nc3 Bb4 5. cxd5 exd5 6. Bg5 h6 7. Bh4 c5 8. e3
c4 9. Nd2 g5 10. Bg3 Bf5 11. h4 g4 12. Be2 Nc6 13. O-O Qe7 14. a3 Bxc3 15. bxc3
Qe6 16. Bf4 O-O-O 17. Re1 Nh5 18. Nf1 Rhe8 19. Ng3 Nxg3 20. Bxg3 h5 21. Qa4 Be4
22. Qb5 Re7 23. a4 b6 24. a5 Nxa5 25. Bd1 Nb3 26. Bxb3 cxb3 27. Qxb3 Qc6 28. Re2
Bd3 29. Rb2 Bc4 30. Qc2 Qg6 31. Qa4 Rb7 32. Rb4 b5 33. Qa5 Qc6 34. Bf4 Rdd7 35.
Rb2 Rb6 36. Qb4 Kb7 37. Qf8 Qg6 38. Qb8+ Kc6 39. Qc8+ 1-0